000 00378nam a22001697a 4500
003 OSt
005 20211005142643.0
008 211005b |||||||| |||| 00| 0 eng d
020 _a9788131724644
040 _cHU
082 _a624.171
100 _aY.M.DESAI
_910260
245 _aFinite Element Method
260 _aIndia
_bLTD
_c2011
300 _a470
942 _2ddc
_cBOOKS
_n0
999 _c9545
_d9545